Welcome to WEB OPAC of MRSPTU Central Library

A first course in electronics (Record no. 4673)

MARC details
000 -LEADER
fixed length control field 00428nam a2200169Ia 4500
008 - FIXED-LENGTH DATA ELEMENTS--GENERAL INFORMATION
fixed length control field 230711s9999||||xx |||||||||||||| ||und||
041 ## - LANGUAGE CODE
Language code of text/sound track or separate title ENG
082 ## - DEWEY DECIMAL CLASSIFICATION NUMBER
Classification number 621.382
Item number KH-E
100 ## - MAIN ENTRY--PERSONAL NAME
Personal name Khan, Anwar A
245 #2 - TITLE STATEMENT
Title A first course in electronics
250 ## - EDITION STATEMENT
Edition statement 1st Ed.
260 ## - PUBLICATION, DISTRIBUTION, ETC.
Date of publication, distribution, etc. 2006
Place of publication, distribution, etc. New Delhi
Name of publisher, distributor, etc. PHI Learning Private Limited
300 ## - PHYSICAL DESCRIPTION
Extent 808
650 ## - SUBJECT ADDED ENTRY--TOPICAL TERM
Topical term or geographic name entry element Electronics Engineering
700 ## - ADDED ENTRY--PERSONAL NAME
Personal name Dey, Kanchan K
942 ## - ADDED ENTRY ELEMENTS (KOHA)
Koha item type Book
Holdings
Withdrawn status Lost status Damaged status Not for loan Collection Home library Current library Date acquired Total checkouts Full call number Barcode Date last seen Price effective from Koha item type
          MRSPTU Central Library MRSPTU Central Library     621.382 KH-E 16355 08/17/2023 08/17/2023 Book
          MRSPTU Central Library MRSPTU Central Library     621.382 KH-E 16356 08/17/2023 08/17/2023 Book
          MRSPTU Central Library MRSPTU Central Library     621.382 KH-E 16357 08/17/2023 08/17/2023 Book
          MRSPTU Central Library MRSPTU Central Library     621.382 KH-E 16358 08/17/2023 08/17/2023 Book
          MRSPTU Central Library MRSPTU Central Library     621.382 KH-E 16359 08/17/2023 08/17/2023 Book

Website Designed and Developed by MRSPTU Central Library Team

E-mail Id: librarian@mrsptu.ac.in